LEADER 01242nam0-2200397---450 001 990005637840203316 005 20190403124939.0 035 $a000563784 035 $aUSA01000563784 035 $a(ALEPH)000563784USA01 035 $a000563784 100 $a20031104d1974----|||y0itaa50------ba 101 $aita 102 $ait 105 $a0 00||| 200 1 $aTesti confuciani$ftraduzione dal cinese di Fausto Tomassini$gintroduzione di Lionello Lanciotti 210 $aTorino$cUtet$d1974 215 $a507 p., 6 c. di tav.$cill.$d24 cm. 225 2 $aClassici delle religioni. Sezione 1., Le religioni orientali$fdiretta da Oscar Botto 410 0$12001$aClassici delle religioni. Sezione 1., Le religioni orientali 620 $dTORINO 676 $a181.112 700 0$aCONFUCIUS$0203847 702 1$aTOMASSINI,$bFausto 702 1$aLANCIOTTI,$bLionello 801 0$aIT$bSA$c20111219 912 $a990005637840203316 950 0$aDipar.to di Filosofia - Salerno$dDFAA 200 CR - 1$e2686 FIL 951 $aAA 200 CR$b2686 FIL 959 $aBK 969 $aFIL 979 $c20121027$lUSA01$h1525 979 $c20121027$lUSA01$h1614 996 $aTesti confuciani$91133976 997 $aUNISA NUM $aSA0008875 LEADER 01869nam0 2200421 i 450 001 VAN0103456 005 20220221100632.396 017 70$2N$a978-3-319-06653-0 100 $a20151109d2014 |0itac50 ba 101 $aeng 102 $aCH 105 $a|||| ||||| 200 1 $aModern problems in insurance mathematics$fDmitrii Silvestrov, Anders Martin-Löf editors 210 $aCham$cSpringer$d2014 215 $aXVII, 385 p.$cill.$d24 cm 410 1$1001VAN0102538$12001 $aEAA series$1210 $aBerlin [etc.]$cSpringer 500 1$3VAN0240957$aModern problems in insurance mathematics$91410321 606 $a91B05$xRisk models (general) [MSC 2020]$3VANC019981$2MF 606 $a91Gxx$xActuarial science and mathematical finance [MSC 2020]$3VANC020093$2MF 606 $a91-XX$xGame theory, economics, finance, and other social and behavioral sciences [MSC 2020]$3VANC025601$2MF 610 $aInformation and communication, circuits$9KW:K 610 $aLife and Non-Life Insurance$9KW:K 610 $aModelling of Insurance Business$9KW:K 610 $aQuantitative Finance$9KW:K 610 $aReinsurance$9KW:K 610 $aRisk theory$9KW:K 620 $aCH$dCham$3VANL001889 702 1$aMartin-Löf$bAnders$3VANV080751 702 1$aSilvestrov$bDmitrii$3VANV080750 712 $aSpringer $3VANV108073$4650 801 $aIT$bSOL$c20240614$gRICA 856 4 $uhttp://dx.doi.org/10.1007/978-3-319-06653-0$zE-book ? Accesso al full-text attraverso riconoscimento IP di Ateneo, proxy e/o Shibboleth 899 $aBIBLIOTECA CENTRO DI SERVIZIO SBA$2VAN15 912 $fN 912 $aVAN0103456 950 $aBIBLIOTECA CENTRO DI SERVIZIO SBA$d15CONS SBA EBOOK 4611 $e15EB 4611 20191106 996 $aModern problems in insurance mathematics$91410321 997 $aUNICAMPANIA